| 000 | 00732nam a2200193 a 4500 | ||
|---|---|---|---|
| 008 | 120416s1981 ||||||||||||||||| || u | ||
| 020 | _a9065440089 | ||
| 050 | _aHF 5681.D39 Hoe | ||
| 100 | _aHoepen, M.A. Van | ||
| 245 | 1 | 0 | _aAnticipated and deferred corporate income tax in companies financial statements |
| 260 |
_aDeventer, The Netherlands _bKluwer _c1981 |
||
| 300 | _axi, 295p. : ill. | ||
| 350 | _a0.00 | ||
| 500 | _aBibliography | ||
| 650 | 0 | _aACCOUNTING--HANDBOOKS, MANUALS, ETC | |
| 650 | _aINCOME TAX--RESEARCH PAPER | ||
| 650 | _aDEFERRED TAX--RESEARCH | ||
| 995 |
_D0.00 _FCBU-MAIN LIBRARY (Kitwe) _H1 _I27.95 _UAVAILABLE _ZAnnex Low-Usage Collection |
||
| 999 |
_c34494 _d34494 |
||